| 000 | 01717nam a22004577a 4500 | ||
|---|---|---|---|
| 001 | 000095874 | ||
| 003 | CHAP | ||
| 005 | 20220329143127.0 | ||
| 008 | 060605d2006 mx r 00110 spa d | ||
| 010 | _a92340 | ||
| 011 | _a93312 | ||
| 035 | _a103884 | ||
| 040 | _cCHAP | ||
| 090 | _aTesis | ||
| 100 | 1 |
_aContreras Arrioja, Emma. _927460 |
|
| 245 | 1 | 0 |
_aEfecto de tratamiento herbicidas y densidad de siembra en haba (Vicia faba L.) sembrada en labranza cero en Chapingo, México. / _c/por Emma Contreras Arrioja. |
| 260 |
_aChapingo, Méx. : _bEl autor, _c2006. |
||
| 300 |
_a46 h. : _bcuadros, + apendice. |
||
| 502 | _aTesis (Ing. Agr. Esp. en Parasitología Agrícola) - - UACH. Departamento de Parasitología Agrícola | ||
| 590 |
_aALEPH _b10 _c20130110 _lUCH01 _h1512 |
||
| 590 |
_aBATCH-UPD _b10 _c20130110 _lUCH01 _h0118 |
||
| 590 |
_aBATCH-UPD _b10 _c20130110 _lUCH01 _h0805 |
||
| 590 |
_aBATCH-UPD _b10 _c20130410 _lUCH01 _h0443 |
||
| 590 |
_aBATCH-UPD _b10 _c20130914 _lUCH01 _h1038 |
||
| 590 |
_aBATCH-UPD _b10 _c20140324 _lUCH01 _h1457 |
||
| 590 |
_aBATCH-UPD _b10 _c20141002 _lUCH01 _h0830 |
||
| 590 |
_aBATCH _b00 _c20181121 _lUCH01 _h0759 |
||
| 590 |
_aCONVERSION _b10 _c20130109 _lUCH01 _h1351 |
||
| 590 |
_aE5765TAJ _b10 _c20130606 _lUCH01 _h1430 |
||
| 650 | 1 | 4 |
_aHaba _xMalas hierbas _xControl. _952114 |
| 650 | 1 | 4 |
_aHaba _xPropagación. _952120 |
| 650 | 1 | 4 |
_aLabranza cero. _964307 |
| 856 |
_3Finding aid _uhttp://10.13.5.2/tesis/103884.pdf _zTeclea aquí |
||
| 856 |
_a1 _n0001680 |
||
| 901 | _aBK | ||
| 905 | _aElisama A. H. | ||
| 942 | _cCD | ||
| 942 | _n0 | ||
| 949 |
_aTesis _bBC _cTES _d00000000103884 _eTS1 _h45409 _i103884 _sb |
||
| 949 |
_aTesis _bBC _cTES _d33724000877387 _eTS2 _fc.2 _h45410 _i103884 _si |
||
| 999 |
_c92340 _d92340 |
||